000 00418nam a22001577a 4500
005 20251108164131.0
008 250721s1988 xx 000 0 ara d
082 1 4 _a041/أني
100 1 _aمنصور، أنيس
245 1 0 _aالذين هاجروا /
264 1 _aبيروت :
_bدار الشروق،
_c1988.
300 _a515ص
650 1 7 _aالمقالات العربية
942 _2ddc
_cBK
999 _c4472
_d4472